000 00357nam a22001337a 4500
020 _qPB.
040 _cFIZZA ISHAQ
082 _a531
_bKUL
100 _aKULP.
_991513
245 _aCLASSICAL MECHANICS A COMPUTATIONAL APPROACH WITH EXAMPLES USING MATHEMATICAL AND PYTHON /
_cKULP.
260 _aCRC PRESS ;
_c2021.
300 _a455 P. ;
942 _2ddc
_cBK
999 _c589631
_d589631